LEADER 01555nam a2200265 u 4500 001 000000037921 003 CaOOAMICUS 005 20070226113823.0 008 980420s1929 fr u000 u fre u 035 $a10790935 040 $aPUL(R)$bita 041 1 $afre$hger 110 1 $aGermania.$0(OLS)http://pul/name/28094 240 10$aLeggi, ecc.$9(Germania).$0(OLS)http://pul/title/50995 245 10$aCode civil allemand :$bpromulgué le 18 aout 1896 entré en viguer le 1er janvier 1900 suivi de la loi d'introduction du 18 aout 1896 ainsi que de la loi du 17 avril 1899 relative a l'exetion du code civil en Alsace-Lorraine. 260 $aParis :$bLibrairie Generale de Droit et de Jurisprudence,$c1929. 300 $a663 p. ;$c22 cm 546 $aTraduction de l'Office de législation étrangère et de Droit international. 650 4$aDiritto civile$zGermania.$0(OLS)http://pul/subject/10024 850 $aPUL 852 $aPUL$W1$xDP2 Diritto e Scienze Sociali 1$y65$m171 D 30$j51765$nBK-PRI$qStampati$B51765$CPULBib$Z2$F51765 $H8123 $82 941 1 $a8 961 $aTimbro sul front.: Bibliotheca Pontificium Institutum Utriusque Iuris. 996 $6245$aCode civil allemand :$bpromulgué le 18 aout 1896 entré en viguer le 1er janvier 1900 suivi de la loi d'introduction du 18 aout 1896 ainsi que de la loi du 17 avril 1899 relative a l'exetion du code civil en Alsace-Lorraine$9(OLS)http://pul/title/51550 996 $6260$aParis :$bLibrairie Generale de Droit et de Jurisprudence$9(OLS)http://pul/publisher/71205 LEADER 01140nam a2200265 a 4500 001 000000151066 003 CaOOAMICUS 005 20160406113842.0 008 160406s1974 fr af u000 u fre r 032 $aLibriCat 040 $aPUL$bita 100 1 $aSubrenat, Jean.$0(OLS)http://pul/name/96128 245 10$aEtude sur Gaydon : $bchanson de geste du XIIIe siècle /$cJean Subrenat. 260 $a[S.l.] :$bEditions de l'Université de Provence,$c1974. 300 $a481 p., [4] c. di tav. :$bill. ;$c24 cm. 490 1 $aÉtudes littéraires ;$v01 504 $aBibliografia in nota. 650 4$aLetteratura francese.$0(OLS)http://pul/subject/28783 830 0$aÉtudes littéraires ;$v01.$0(OLS)http://pul/title/190251 850 $aPUL 852 $aPUL$W1$xDP1 Cons. Gen., Altre Classi 1$y22$m733 H 31$j173462$qStampati$B175737$CPULBib$Z2$F175737 $H42711 $81 941 1 $a8 996 $6245$aEtude sur Gaydon : $bchanson de geste du XIIIe siècle$9(OLS)http://pul/title/190249 996 $6260$a[S.l.] :$bEditions de l'Université de Provence$9(OLS)http://pul/publisher/84829